[Event "Barquisimeto"]
[Site "Barquisimeto"]
[Date "2016.01.07"]
[Round "7"]
[White "Calvete Gimenez, Johaslyn Aymer"]
[Black "Frometa Gomez, Rene Leonardo"]
[Result "1-0"]
[WhiteElo "1893"]
[BlackElo "2000"]
[PlyCount "64"]
[EventDate "2016.01.04"]
[EventType "tourn"]
[EventRounds "10"]
[EventCountry "VEN"]
[SourceTitle "EXT 2017"]
[Source "ChessBase"]
[SourceDate "2016.10.25"]
[SourceVersion "1"]
[SourceVersionDate "2016.10.25"]
[SourceQuality "1"]

1. e4 e5 2. Nf3 d6 3. d4 exd4 4. Nxd4 Nf6 5. Nc3 Be7 6. Be2 0-0 7. 0-0 h6 8. h3 c5 9. Nf3 Nc6 10. Bf4 a6 11. a4 Be6 12. Qd2 Nd4 13. Nxd4 cxd4 14. Qxd4 Qc7 15. Rfd1 Rfd8 16. Rd2 Ne8 17. Nd5 Bxd5 18. Qxd5 Rac8 19. Ra3 Nf6 20. Qd4 Qc6 21. Bf3 Qc4 22. Rad3 Qa2 23. Qb6 Nd7 24. Qxb7 Rb8 25. Qd5 Qxb2 26. Bh5 Qc1+ 27. Kh2 Rf8 28. Bxd6 Nf6 29. Qf5 Bxd6+ 30. Rxd6 Rb1 31. Rd8 Qg1+ 32. Kg3 Rb8 1-0

[Event "VEN-ch U20 Girls"]
[Site "Maturin"]
[Date "2015.05.15"]
[Round "4.1"]
[White "Jimenez Gil, Sofia"]
[Black "Calvete Gimenez, Johaslyn Aymer"]
[Result "1-0"]
[WhiteElo "1520"]
[BlackElo "1876"]
[PlyCount "53"]
[EventDate "2015.05.13"]
[EventType "tourn"]
[EventRounds "7"]
[EventCountry "VEN"]
[SourceTitle "EXT 2018"]
[Source "ChessBase"]
[SourceDate "2017.10.13"]
[SourceVersion "1"]
[SourceVersionDate "2017.10.13"]
[SourceQuality "1"]

1. e4 c5 2. Nf3 d6 3. d4 cxd4 4. Nxd4 Nf6 5. Nc3 g6 6. Be3 Bg7 7. f3 Nc6 8. Bc4 0-0 9. Qd2 Bd7 10. 0-0-0 Rc8 11. Bb3 Ne5 12. Kb1 Nc4 13. Bxc4 Rxc4 14. g4 a6 15. h4 h5 16. g5 Ne8 17. Nd5 e6 18. Nc3 b5 19. a3 Qb8 20. Qd3 Qc8 21. f4 b4 22. axb4 Rxb4 23. f5 exf5 24. Nd5 fxe4 25. Qa3 Qc4 26. Nxb4 Bg4 27. Rd2 1-0

[Event "VEN-ch U20 Girls"]
[Site "Maturin"]
[Date "2015.05.14"]
[Round "2.2"]
[White "Calvete Gimenez, Johaslyn Aymer"]
[Black "Molina, Rosa Maria"]
[Result "1-0"]
[WhiteElo "1876"]
[BlackElo "1646"]
[PlyCount "55"]
[EventDate "2015.05.13"]
[EventType "tourn"]
[EventRounds "7"]
[EventCountry "VEN"]
[SourceTitle "EXT 2018"]
[Source "ChessBase"]
[SourceDate "2017.10.13"]
[SourceVersion "1"]
[SourceVersionDate "2017.10.13"]
[SourceQuality "1"]

1. e4 e5 2. Nf3 Nc6 3. d4 exd4 4. Nxd4 Bc5 5. Be3 Qf6 6. c3 Nge7 7. g3 d6 8. Bg2 Ne5 9. h3 Bd7 10. Nd2 Nd3+ 11. Kf1 Nxb2 12. Qb3 Nd3 13. Qxb7 Rc8 14. Qb1 Ne5 15. Kg1 0-0 16. Kh2 Rb8 17. Qc2 Rfe8 18. Rhe1 Bb6 19. Rad1 c5 20. N4f3 N7c6 21. Nxe5 Nxe5 22. f4 Ng6 23. Nc4 Bc7 24. e5 Qe6 25. Nxd6 Bxd6 26. Rxd6 Qe7 27. Bxc5 a5 28. Red1 1-0

[Event "VEN-ch U20 Girls"]
[Site "Maturin"]
[Date "2015.05.13"]
[Round "1.3"]
[White "Goncalves Moreno, Magly del Valle"]
[Black "Calvete Gimenez, Johaslyn Aymer"]
[Result "1-0"]
[WhiteElo "1789"]
[BlackElo "1876"]
[PlyCount "39"]
[EventDate "2015.05.13"]
[EventType "tourn"]
[EventRounds "7"]
[EventCountry "VEN"]
[SourceTitle "EXT 2018"]
[Source "ChessBase"]
[SourceDate "2017.10.13"]
[SourceVersion "1"]
[SourceVersionDate "2017.10.13"]
[SourceQuality "1"]

1. d4 Nf6 2. Nf3 e6 3. h3 c5 4. e3 Nc6 5. c3 b6 6. Bd3 Bb7 7. Bc2 d5 8. 0-0 Bd6 9. Re1 0-0 10. Nbd2 Rc8 11. e4 dxe4 12. Nxe4 cxd4 13. Nxf6+ gxf6 14. Bh6 Re8 15. Nxd4 f5 16. Nxf5 exf5 17. Rxe8+ Qxe8 18. Qxd6 Qe6 19. Qf4 Nd4 20. cxd4 1-0

[Event "VEN-ch U20 Girls"]
[Site "Merida"]
[Date "2013.04.??"]
[Round "2"]
[White "Calvete Gimenez, Johaslyn Aymer"]
[Black "Montilla Reyes, Jorcerys"]
[Result "0-1"]
[WhiteElo "1563"]
[BlackElo "1906"]
[PlyCount "28"]
[EventDate "2013.04.23"]
[EventType "swiss"]
[EventRounds "7"]
[EventCountry "VEN"]
[SourceTitle "EXT 2015"]
[Source "ChessBase"]
[SourceDate "2014.11.20"]
[SourceVersion "1"]
[SourceVersionDate "2014.11.20"]
[SourceQuality "1"]

1. e4 c5 2. Nc3 Nc6 3. f4 g6 4. Nf3 Bg7 5. Bc4 e6 6. 0-0 Nge7 7. d3 d5 8. Bb3 0-0 9. a4 a6 10. Qe1 Nd4 11. Nxd4 cxd4 12. Ne2 dxe4 13. dxe4 d3 14. cxd3 Qb6+ 0-1

[Event "VEN-ch (Women)"]
[Site "Caracas"]
[Date "2012.12.11"]
[Round "6"]
[White "Varela la Madrid, Tilsia Carolin"]
[Black "Calvete Gimenez, Johaslyn Aymer"]
[Result "1/2-1/2"]
[WhiteElo "2048"]
[BlackElo "1824"]
[PlyCount "87"]
[EventDate "2012.12.08"]
[EventType "tourn"]
[EventRounds "7"]
[EventCountry "VEN"]
[SourceTitle "EXT 2014"]
[Source "ChessBase"]
[SourceDate "2013.11.20"]
[SourceVersion "1"]
[SourceVersionDate "2013.11.20"]
[SourceQuality "1"]

1. e4 c5 2. Nf3 d6 3. c3 Nf6 4. Be2 Bg4 5. h3 Bh5 6. 0-0 e6 7. Re1 Nc6 8. d3 Be7 9. Nbd2 0-0 10. Nf1 Qc7 11. Bf4 Rfd8 12. Ng3 Bxf3 13. Bxf3 e5 14. Bd2 d5 15. Qe2 dxe4 16. dxe4 c4 17. Nf5 b5 18. a4 a6 19. Be3 Bf8 20. Bg5 Be7 21. Red1 Rxd1+ 22. Rxd1 Rd8 23. Nxe7+ Qxe7 24. axb5 axb5 25. Qe3 Rxd1+ 26. Bxd1 Qd6 27. Bc2 Nd7 28. Qd2 Qxd2 29. Bxd2 Nc5 30. Kf1 Na5 31. Ke2 Kf8 32. f4 f6 33. fxe5 fxe5 34. Bg5 Ne6 35. Be3 Ke7 36. Bb6 Nb7 37. b3 Nec5 38. bxc4 bxc4 39. Ke3 Kd6 40. Bd1 Kc6 41. Ba7 Nd6 42. Be2 Na4 43. Bb8 Nxc3 44. Bxd6 1/2-1/2

[Event "VEN-ch (Women)"]
[Site "Caracas"]
[Date "2012.12.10"]
[Round "4"]
[White "Calvete Gimenez, Johaslyn Aymer"]
[Black "Rovira Contreras, Tairu Manuela"]
[Result "0-1"]
[WhiteElo "1824"]
[BlackElo "2066"]
[PlyCount "90"]
[EventDate "2012.12.08"]
[EventType "tourn"]
[EventRounds "7"]
[EventCountry "VEN"]
[SourceTitle "EXT 2014"]
[Source "ChessBase"]
[SourceDate "2013.11.20"]
[SourceVersion "1"]
[SourceVersionDate "2013.11.20"]
[SourceQuality "1"]

1. e4 e5 2. Nf3 Nc6 3. d4 exd4 4. Nxd4 Nf6 5. Nc3 Bb4 6. Nxc6 bxc6 7. Bd3 d6 8. 0-0 Ng4 9. Be2 h5 10. Na4 Qf6 11. c3 Ba5 12. Qd4 c5 13. Bb5+ Kf8 14. Qxf6 Nxf6 15. Bc6 Rb8 16. Rd1 Ng8 17. e5 Ne7 18. Be4 Bg4 19. Rd2 dxe5 20. Nxc5 Ke8 21. b4 Bb6 22. Na4 Be6 23. Nxb6 Rxb6 24. Rd1 f5 25. Bf3 Ra6 26. Be3 Bc4 27. Bb7 Ra3 28. Bc1 Rxa2 29. Rxa2 Bxa2 30. Be3 Bb3 31. Ra1 Kf7 32. Bxa7 Rd8 33. Be3 Rd3 34. Rc1 f4 35. Bc5 Nd5 36. Bxd5+ Bxd5 37. f3 Bc4 38. Bf2 g5 39. Be1 Ke6 40. Ra1 Re3 41. Rd1 Re2 42. Bf2 Rc2 43. Be1 g4 44. fxg4 hxg4 45. h4 g3 0-1

[Event "VEN-ch (Women)"]
[Site "Caracas"]
[Date "2012.12.09"]
[Round "3"]
[White "Aponte Montes de Oca, Oriana Isabel"]
[Black "Calvete Gimenez, Johaslyn Aymer"]
[Result "1-0"]
[WhiteElo "1902"]
[BlackElo "1824"]
[PlyCount "81"]
[EventDate "2012.12.08"]
[EventType "tourn"]
[EventRounds "7"]
[EventCountry "VEN"]
[SourceTitle "EXT 2014"]
[Source "ChessBase"]
[SourceDate "2013.11.20"]
[SourceVersion "1"]
[SourceVersionDate "2013.11.20"]
[SourceQuality "1"]

1. e4 c5 2. Nf3 d6 3. d4 cxd4 4. Nxd4 Nf6 5. Nc3 g6 6. Be3 Bg7 7. f3 Nc6 8. Qd2 0-0 9. 0-0-0 Nxd4 10. Bxd4 Be6 11. Kb1 Qc7 12. g4 Rfc8 13. h4 Qa5 14. Qg5 Qxg5 15. hxg5 Nd7 16. Bxg7 Kxg7 17. Rh4 f6 18. gxf6+ Nxf6 19. g5 Nd7 20. Bh3 Bxh3 21. Rxh3 Nb6 22. Ne2 Rc4 23. b3 Rcc8 24. f4 Rh8 25. Nd4 Nd7 26. f5 Nc5 27. Rdh1 a5 28. c3 e5 29. b4 exd4 30. bxc5 dxc5 31. f6+ Kg8 32. cxd4 cxd4 33. Rb3 Rb8 34. e5 Kf7 35. Rb6 d3 36. e6+ Ke8 37. Rd1 h6 38. Rxd3 hxg5 39. Rd7 Rh1+ 40. Kb2 Re1 41. Rh7 1-0